000 006450000a22001810004500
003 MACL
005 20160531155810.0
008 160531b xxu||||| |||| 00| 0 eng d
040 _aMACL
_cMACL
041 _aHindi
082 _a900
100 _aचतुरसेन, आचार्य
_937332
245 _aभारतीय संस्‍कृि‍त का विराट रूप
_cआचार्य चतुरसेन
260 _aनई दिल्‍ली
_bराष्‍ट्रीय साहित्‍य सदन
_c2012
350 _a350
650 _aइतिहास
_961060
942 _cHIN
_k900
_2ddc
999 _c48502
_d48502